LEADER 01114nam a2200241 i 4500 001 000000141192 003 CaOOAMICUS 005 20050708000000.0 008 050708s1963 it u000 u ita u 013 $a115506 040 $aSeMil$bita 100 1 $aWhitehead, Alfred North,$d<1861-1947>.$0(OLS)http://semarc/name/32585 245 13$aIl divenire della religione /$cA. North Whitehead ; Introduzione, Traduzione e note di Francesco Cafaro. 260 $aTorino ; Milano ; Firenze ; Roma ; Napoli ; Palermo :$bParavia & C.,$ccopyr. 1963. 300 $aXIX, 116 p. ;$c20 cm. 500 $aContiene : Nota bio-bibliografica. 650 4$aFilosofia della religione.$0(OLS)http://semarc/subject/504 700 1 $aCafaro, Francesco.$0(OLS)http://semarc/name/35833 850 $aSeMil 852 $aSeMil$W1$xVenegono$y1$m108 6 14 *$j94439$B94439$CSeMilBibl$Z2$F100507 $81 961 $aLascito: Corradi mons. Enrico 996 $6245$aIl divenire della religione$9(OLS)http://semarc/title/206325 996 $6260$aTorino ; Milano ; Firenze ; Roma ; Napoli ; Palermo :$bParavia & C.$9(OLS)http://semarc/publisher/32997 LEADER 01113nam a2200289 i 4500 001 000000113053 003 CaOOAMICUS 005 20030312000000.0 008 030312s1990 it u000 u ita u 013 $a85737 020 $a88-04-33605-6 040 $aSeMil$bita 100 1 $aMacciocchi, Maria Antonietta.$0(OLS)http://semarc/name/18970 245 13$aLa forza degli italiani /$cMaria Antonietta Macciocchi. 260 $aMilano :$bMondadori,$c1990. 300 $a257 p. ;$c22 cm. 490 0 $aFrecce 500 $aIn mezzo al front. : Dedica autografa dell'Autore. - Fondo Card. C.M. Martini. 650 4$aItalia - Costume.$0(OLS)http://semarc/subject/20446 830 0$aFrecce.$0(OLS)http://semarc/title/6388 850 $aSeMil 852 $aSeMil$W1$xVenegono$y1$m3N III 469$j68768$B68768$CSeMilBibl$Z2$F105063 $81 941 1 $a4 961 $aOmaggio: Martini Card. Carlo Maria 996 $6020$a88-04-33605-6$9(OLS)http://semarc/number/95860 996 $6245$aLa forza degli italiani$9(OLS)http://semarc/title/164972 996 $6260$aMilano :$bMondadori$9(OLS)http://semarc/publisher/30335